00937nam a2200241 a 450000100060000000300080000600500170001400800410003103500190007204000310009104100080012208200260013010000400015624500950019626000510029130000260034250400660036865100380043465100450047294200120051799900170052995201490054673438BD-RJUL20211209082408.01962 s1903 enk b 001 0 eng d a(BD-RJUL)73656 aCLobScCLobSdBD-RJULbeng aeng 223a954.023bIRA 19621 aIrvine, Williamd1840-1911.921722914aThe Army of the Indian Moghuls :bits organization and administration /cby William Irvine a New Delhi :bEurasia Publishing House,c1962. avii, 324 p. ;c24 cm. aIncludes bibliographical references (p. [301]-306) and index. 0aIndiaxHistory, Military.9217230 0aMogul EmpirexHistory, Military.9217231 2ddccBK c73438d73438 00102ddc40718NFICaRUCLbRUCLcReadingd1963-10-22eKamala Book, Dept.g15.00l0o954.023 IRA 1962r2017-05-31 00:00:00tC-1w2017-05-31yBK